Najchętniej kupowane modele samochodów na świecie - Statystyki

Ogólne statystyki
  • Ten quiz został rozwiązany 166 razy
  • Średni wynik to 3 z 10
Statystyki odpowiedzi
L.p. Marka Model % Poprawnych
2 Toyota Corolla
82%
9 Tesla Model 3
43%
10 Honda Accord
40%
1 Toyota RAV4
36%
5 Toyota Camry
28%
3 Honda CR-V
20%
7 Ford F-150
15%
8 Toyota Hilux
12%
6 Honda HR-V
11%
4 Nissan Sentra
1%
Nie znaleziono quizów pasujących do podanych kryteriów
Rozkład punktacji
Procent ludzi z każdym wynikiem
Percentyl według liczby udzielonych odpowiedzi
Twoja historia wyników
Nie rozwiązałeś tego quizu